| 000 | 00410nam a22001817a 4500 | ||
|---|---|---|---|
| 003 | MPLRDC | ||
| 005 | 20220104144039.0 | ||
| 008 | 210129b ||||| |||| 00| 0 eng d | ||
| 020 | _a7-5431-0028-2 | ||
| 082 | _a191.9 YYa | ||
| 100 | _a永毅, 晓华 编 | ||
| 245 |
_a死亡论 _c |
||
| 250 | _a一版一刷 | ||
| 260 |
_a _b广州文化 _c1988 |
||
| 300 | _b平 | ||
| 650 | _a | ||
| 942 |
_cBK _o191.9 YYa |
||
| 999 |
_c45880 _d45870 |
||